000 00690nam a2200289Ia 4500
005 20260324143631.0
008 008 260324s9999 xx 000 0 eng d
020 _a9780203213629
037 _aEBOOK
040 _aCRL
040 _beng
040 _cCRL
041 _2eng
041 _aeng
084 _qCRL
100 _aMargaret Pelling; Richard M. Smith
_91216371
245 0 _aLife, Death and the Elderly
245 0 _bHistorical Perspectives
260 _bTaylor and Francis
260 _c1991
365 _a
365 _b200
856 _uhttp://www.taylorfrancis.com/books/9780203213629
942 _cEBOOK
999 _c1821978
_d1821978